[Event "Team men PL final 2016"]
[Site "Sochi"]
[Date "2016.05.09"]
[Round "9.5"]
[White "Hasangatin, Ramil"]
[Black "Frolyanov, Dmitry"]
[Result "1/2-1/2"]
[LiveChessVersion "1.4.4"]
[BlackElo "2550"]
[WhiteElo "2512"]
[BlackTeam "Zhiguli"]
[WhiteTeam "Ladya"]

1. Nf3 {[%clk 1:30:08]} d5 {[%clk 1:30:53]} 2. c4 {[%clk 1:30:02]} e6
{[%clk 1:31:10]} 3. d4 {[%clk 1:30:23]} Nf6 {[%clk 1:31:31]} 4. g3
{[%clk 1:30:46]} dxc4 {[%clk 1:31:52]} 5. Bg2 {[%clk 1:30:46]} Nc6
{[%clk 1:32:10]} 6. Qa4 {[%clk 1:28:09]} Bb4+ {[%clk 1:32:21]} 7. Bd2
{[%clk 1:28:07]} Nd5 {[%clk 1:32:40]} 8. Bxb4 {[%clk 1:27:12]} Ndxb4
{[%clk 1:31:09]} 9. O-O {[%clk 1:27:03]} Rb8 {[%clk 1:30:48]} 10. Nc3
{[%clk 1:26:50]} a6 {[%clk 1:31:02]} 11. Ne5 {[%clk 1:26:19]} O-O
{[%clk 1:31:16]} 12. Nxc6 {[%clk 1:26:27]} Nxc6 {[%clk 1:31:38]} 13. Bxc6
{[%clk 1:26:45]} bxc6 {[%clk 1:32:04]} 14. Qxc4 {[%clk 1:26:34]} Rxb2
{[%clk 1:32:26]} 15. Rfb1 {[%clk 1:26:32]} Rb6 {[%clk 1:32:35]} 16. Qc5
{[%clk 1:25:11]} h6 {[%clk 1:29:43]} 17. a4 {[%clk 1:25:25]} Re8 {[%clk 1:29:41]}
18. a5 {[%clk 1:23:58]} Rxb1+ {[%clk 1:29:56]} 19. Rxb1 {[%clk 1:24:19]} Qd7
{[%clk 1:30:16]} 20. Rb4 {[%clk 0:44:12]} f6 {[%clk 1:26:52]} 21. f3
{[%clk 0:36:57]} e5 {[%clk 1:24:46]} 22. d5 {[%clk 0:32:16]} cxd5
{[%clk 1:23:38]} 23. Nxd5 {[%clk 0:31:32]} Rd8 {[%clk 1:13:21]} 24. e4
{[%clk 0:23:16]} c6 {[%clk 1:10:08]} 25. Qxc6 {[%clk 0:23:37]} Qxc6
{[%clk 1:08:49]} 26. Ne7+ {[%clk 0:23:50]} Kf7 {[%clk 1:07:38]} 27. Nxc6
{[%clk 0:24:16]} Rd6 {[%clk 1:00:30]} 28. Rc4 {[%clk 0:23:55]} Be6
{[%clk 0:45:18]} 29. Rc2 {[%clk 0:23:56]} Bb3 {[%clk 0:34:42]} 30. Rc3
{[%clk 0:24:11]} Ba4 {[%clk 0:34:27]} 31. Nb4 {[%clk 0:23:47]} Rd1+
{[%clk 0:34:02]} 32. Kf2 {[%clk 0:22:37]} Bb5 {[%clk 0:33:36]} 33. Rc7+
{[%clk 0:21:25]} Kf8 {[%clk 0:32:40]} 34. Ra7 {[%clk 0:12:36]} Rd2+
{[%clk 0:30:06]} 35. Kg1 {[%clk 0:12:57]} Rd1+ {[%clk 0:30:15]} 36. Kf2
{[%clk 0:13:14]} Rd2+ {[%clk 0:30:38]} 37. Kg1 {[%clk 0:13:38]} Rd1+
{[%clk 0:31:05]} 38. Kf2 {[%clk 0:14:04]} Rd2+ {[%clk 0:31:31]} 1/2-1/2